000 01416nam a2200397Ia 4500
003 GCL
008 140319s9999 xx 000 0 ara d
020 _a4717271977
040 _aGCL /
_cGCL
082 0 4 _a810.903
_bف ا
100 1 _aفؤاد شاكر
245 1 0 _aالابداعات الادبية /
_cفؤاد شاكر
250 _aالاولى
260 _aالقاهرة :
_bالدار المصرية اللبنانية ،
_c2005
300 _a317 ص ؛
_c24 سم
490 _aحصاد القرن العشرين
_v9
650 0 4 _aالقصص العربية
650 0 4 _aالمسرحية العربية
650 0 4 _aالادباء
650 0 4 _aالادباء العرب
650 0 4 _aالابداع الادبى والفنى
650 0 4 _aجائزة نوبل
650 0 4 _aجيمس جويس
650 0 4 _aالادب العربى - تاريخ ونقد
650 0 4 _aنجيب الريحانى
650 0 4 _aيوسف وهبى
650 0 4 _aالادب العربى - مجموعات
650 0 4 _aالقصة - فن
650 0 4 _aهمينجواى
650 0 4 _aجائزة نوبل فى الادب
650 0 4 _aالقصص - تاريخ ونقد - الهند
650 0 4 _aالقصص - تاريخ ونقد - نيجيريا
650 0 4 _aالقصص - تاريخ ونقد - جنوب افريقيا
650 0 4 _aالقصص - تاريخ ونقد - فرنسا
942 _2ddc
_cBK
999 _c8009
_d8009